<?xml version="1.0" encoding="UTF-8"?>
<collection xmlns="http://www.loc.gov/MARC21/slim">
 <record>
  <leader>02342cam a22004212  4500</leader>
  <controlfield tag="001">1111086893</controlfield>
  <controlfield tag="003">DE-627</controlfield>
  <controlfield tag="005">20231026000654.0</controlfield>
  <controlfield tag="007">tu</controlfield>
  <controlfield tag="008">940919s1953    xx ||||| m    00| ||ger c</controlfield>
  <datafield tag="035" ind1=" " ind2=" ">
   <subfield code="a">(DE-627)1111086893</subfield>
  </datafield>
  <datafield tag="035" ind1=" " ind2=" ">
   <subfield code="a">(DE-576)041086899</subfield>
  </datafield>
  <datafield tag="035" ind1=" " ind2=" ">
   <subfield code="a">(DE-599)BSZ041086899</subfield>
  </datafield>
  <datafield tag="035" ind1=" " ind2=" ">
   <subfield code="a">(OCoLC)17292571</subfield>
  </datafield>
  <datafield tag="035" ind1=" " ind2=" ">
   <subfield code="a">(OCoLC)1068829621</subfield>
  </datafield>
  <datafield tag="040" ind1=" " ind2=" ">
   <subfield code="a">DE-627</subfield>
   <subfield code="b">ger</subfield>
   <subfield code="c">DE-627</subfield>
   <subfield code="e">rakwb</subfield>
  </datafield>
  <datafield tag="041" ind1=" " ind2=" ">
   <subfield code="a">ger</subfield>
  </datafield>
  <datafield tag="084" ind1=" " ind2=" ">
   <subfield code="a">LK 76320</subfield>
   <subfield code="2">rvk</subfield>
   <subfield code="0">(DE-625)rvk/98188:</subfield>
  </datafield>
  <datafield tag="084" ind1=" " ind2=" ">
   <subfield code="a">LK 75310</subfield>
   <subfield code="2">rvk</subfield>
   <subfield code="0">(DE-625)rvk/98179:</subfield>
  </datafield>
  <datafield tag="100" ind1="1" ind2=" ">
   <subfield code="a">Bandmann, Günter</subfield>
   <subfield code="d">1917-1975</subfield>
   <subfield code="0">(DE-588)118506404</subfield>
   <subfield code="0">(DE-627)079310672</subfield>
   <subfield code="0">(DE-576)160162173</subfield>
   <subfield code="4">aut</subfield>
  </datafield>
  <datafield tag="245" ind1="1" ind2="4">
   <subfield code="a">Die Werdener Abteikirche</subfield>
   <subfield code="b">(1256 - 1275); Studie zum Ausgang der staufischen Baukunst am Niederrhein</subfield>
   <subfield code="c">Günter Bandmann</subfield>
  </datafield>
  <datafield tag="264" ind1=" " ind2="1">
   <subfield code="a">Bonn</subfield>
   <subfield code="b">Habelt</subfield>
   <subfield code="c">1953</subfield>
  </datafield>
  <datafield tag="300" ind1=" " ind2=" ">
   <subfield code="a">96 S.</subfield>
   <subfield code="b">Ill., graph. Darst.</subfield>
  </datafield>
  <datafield tag="336" ind1=" " ind2=" ">
   <subfield code="a">Text</subfield>
   <subfield code="b">txt</subfield>
   <subfield code="2">rdacontent</subfield>
  </datafield>
  <datafield tag="337" ind1=" " ind2=" ">
   <subfield code="a">ohne Hilfsmittel zu benutzen</subfield>
   <subfield code="b">n</subfield>
   <subfield code="2">rdamedia</subfield>
  </datafield>
  <datafield tag="338" ind1=" " ind2=" ">
   <subfield code="a">Band</subfield>
   <subfield code="b">nc</subfield>
   <subfield code="2">rdacarrier</subfield>
  </datafield>
  <datafield tag="490" ind1="1" ind2=" ">
   <subfield code="a">Habelts Dissertationsdrucke</subfield>
   <subfield code="a">Reihe Kunstgeschichte</subfield>
   <subfield code="v">1</subfield>
  </datafield>
  <datafield tag="500" ind1=" " ind2=" ">
   <subfield code="a">22 cm. - &quot;Die Arbeit hat 1942 der Philosophischen Fakultät der Universität Köln als Dissertation vorgelegen.&quot;. - Bibliographical references included in &quot;Anmerkungen&quot; (p.67-74)</subfield>
  </datafield>
  <datafield tag="502" ind1=" " ind2=" ">
   <subfield code="a">Zugl.: Köln, Univ., Diss., 1942</subfield>
  </datafield>
  <datafield tag="655" ind1=" " ind2="7">
   <subfield code="a">Hochschulschrift</subfield>
   <subfield code="0">(DE-588)4113937-9</subfield>
   <subfield code="0">(DE-627)105825778</subfield>
   <subfield code="0">(DE-576)209480580</subfield>
   <subfield code="2">gnd-content</subfield>
  </datafield>
  <datafield tag="751" ind1=" " ind2=" ">
   <subfield code="a">Köln</subfield>
   <subfield code="0">(DE-588)4031483-2</subfield>
   <subfield code="0">(DE-627)106265458</subfield>
   <subfield code="0">(DE-576)208992669</subfield>
   <subfield code="4">uvp</subfield>
  </datafield>
  <datafield tag="787" ind1="0" ind2="8">
   <subfield code="i">Rezension</subfield>
   <subfield code="a">Kubach, Hans Erich, 1909 - 1999</subfield>
   <subfield code="t">[Rezension von: Günter Bandmann, Die Werdener Abteikirche (1256—1275)]</subfield>
   <subfield code="d">Nürnberg : Carl, 1955</subfield>
   <subfield code="w">(DE-627)1687158959</subfield>
  </datafield>
  <datafield tag="830" ind1=" " ind2="0">
   <subfield code="a">Habelts Dissertationsdrucke / Reihe Kunstgeschichte</subfield>
   <subfield code="v">1</subfield>
   <subfield code="9">1</subfield>
   <subfield code="w">(DE-627)130148016</subfield>
   <subfield code="w">(DE-576)008814155</subfield>
   <subfield code="w">(DE-600)514444-9</subfield>
   <subfield code="x">0072-9205</subfield>
   <subfield code="7">ns</subfield>
  </datafield>
  <datafield tag="936" ind1="r" ind2="v">
   <subfield code="a">LK 76320</subfield>
   <subfield code="b">Werden (Essen)</subfield>
   <subfield code="k">Kunst nach Ländern bzw. Kontinenten</subfield>
   <subfield code="k">Deutschland</subfield>
   <subfield code="k">Kunsttopografie Deutschlands</subfield>
   <subfield code="k">Orte Deutschlands</subfield>
   <subfield code="k">Orte W</subfield>
   <subfield code="k">Werden (Essen)</subfield>
   <subfield code="0">(DE-627)1271301830</subfield>
   <subfield code="0">(DE-625)rvk/98188:</subfield>
   <subfield code="0">(DE-576)201301830</subfield>
  </datafield>
  <datafield tag="936" ind1="r" ind2="v">
   <subfield code="a">LK 75310</subfield>
   <subfield code="b">Weiden (Oberpfalz)</subfield>
   <subfield code="k">Kunst nach Ländern bzw. Kontinenten</subfield>
   <subfield code="k">Deutschland</subfield>
   <subfield code="k">Kunsttopografie Deutschlands</subfield>
   <subfield code="k">Orte Deutschlands</subfield>
   <subfield code="k">Orte W</subfield>
   <subfield code="k">Weiden (Oberpfalz)</subfield>
   <subfield code="0">(DE-627)1271301636</subfield>
   <subfield code="0">(DE-625)rvk/98179:</subfield>
   <subfield code="0">(DE-576)201301636</subfield>
  </datafield>
  <datafield tag="951" ind1=" " ind2=" ">
   <subfield code="a">BO</subfield>
  </datafield>
  <datafield tag="991" ind1=" " ind2=" ">
   <subfield code="a">Rezensiertes Werk</subfield>
  </datafield>
  <datafield tag="999" ind1=" " ind2=" ">
   <subfield code="a">KXP-PPN1111086893</subfield>
   <subfield code="e">4277342051</subfield>
  </datafield>
 </record>
</collection>
